Laughing together : (Record no. 539)

MARC details
000 -LEADER
fixed length control field 00784pam a2200253 a 4500
001 - CONTROL NUMBER
control field 3823726
003 - CONTROL NUMBER IDENTIFIER
control field GBCCL
005 - DATE AND TIME OF LATEST TRANSACTION
control field 20241126110340.0
008 - FIXED-LENGTH DATA ELEMENTS--GENERAL INFORMATION
fixed length control field 860505s1986 ilua b 000 0 eng
010 ## -
-- 86012890
020 ## - INTERNATIONAL STANDARD BOOK NUMBER
International Standard Book Number 087178226X (pbk.)
040 ## - CATALOGING SOURCE
Original cataloging agency DLC
Transcribing agency DLC
Modifying agency DLC
050 00 -
-- BV4526.2
-- .W45 1986
082 00 - DEWEY DECIMAL CLASSIFICATION NUMBER
Classification number 241.4
Edition information 19
Item number WEL
100 1# - MAIN ENTRY--PERSONAL NAME
Personal name Welliver, Dotsey.
245 10 - TITLE STATEMENT
Title Laughing together :
Remainder of title the value of humor in family life /
Statement of responsibility, etc. Dotsey Welliver.
260 ## - PUBLICATION, DISTRIBUTION, ETC.
Place of publication, distribution, etc. Elgin, Ill. :
Name of publisher, distributor, etc. Brethren Press,
Date of publication, distribution, etc. c1986.
300 ## - PHYSICAL DESCRIPTION
Extent xii, 110 p. :
Other physical details ill. ;
Dimensions 21 cm.
504 ## - BIBLIOGRAPHY, ETC. NOTE
Bibliography, etc. note Bibliography: p. 107-110.
650 #0 - SUBJECT ADDED ENTRY--TOPICAL TERM
Topical term or geographic name entry element Families
General subdivision Religious life.
650 #0 - SUBJECT ADDED ENTRY--TOPICAL TERM
Topical term or geographic name entry element Laughter
General subdivision Religious aspects
-- Christianity.
906 ## - LOCAL DATA ELEMENT F, LDF (RLIN)
a 7
b cbc
c orignew
d 1
e ocip
f 19
g y-gencatlg
942 ## - ADDED ENTRY ELEMENTS (KOHA)
Source of classification or shelving scheme Dewey Decimal Classification
Koha item type Books
Koha issues (borrowed), all copies 1
Holdings
Withdrawn status Lost status Source of classification or shelving scheme Damaged status Not for loan Home library Current Library Shelving location Date acquired Total checkouts Full call number Barcode Date last seen Date last checked out Copy number Price effective from Koha item type
    Dewey Decimal Classification     GRACE BIBLE COLLEGE GRACE BIBLE COLLEGE Theology 2016-11-16 1 241.4 WEL 003971 2025-05-01 2023-07-21 c.1 2016-11-16 Books
© Grace Bible College Library 2025